000 00660 a2200193 4500
020 _a0374530483
020 _a9780374530488
090 _c2825
_d2825
100 1 _aFriedman, Thomas L.
245 1 4 _aThe world is flat /
_cThomas L. Friedman.
260 _a[S.l.] :
_bFarrar. Straus and Giroux,
_c2006.
300 _a600 p. ;
_c21 cm.
490 1 _aUpdated and expanded.
500 _aPaperback.
830 0 _aUpdated and expanded.
856 4 0 _3Amazon.com
_uhttp://www.amazon.com/exec/obidos/ASIN/B000N0205K/chopaconline-20
856 4 0 _3Amazon customer reviews
_uhttp://www.chopac.org/cgi-bin/tools/azrev.pl?q=B000N0205K
942 _aNBS
_cBK
_k303.483 FRI
999 _c345315
_d345315